000 01986cam a22004814i 4500
003 PE-LiUPU
005 20250731165546.0
008 150625s r 000 0 d
035 _a(Sirsi) a33952
035 _a(Sirsi) a33952
040 _aPE-LiUPU
_bspa
_cPE-LiUPU
_erda
082 0 4 _a225
_bN
_221
100 1 _aZerwick, ;Max,
_eautor.
245 1 0 _aCarta a los efesios.
_n10 /
_cMax Zerwick.
264 1 _aBarcelona :
_bHerder,
_c1980.
300 _a186 páginas ;
_c20 cm.
336 _atext
_2rdacontent
337 _aunmediated
_2rdamedia
338 _avolume
_2rdacarrier
505 0 _aBendecidos con toda bendición espiritual. -Gratitud y petición del apóstol. -Por la gracia salvados en la fe. -Antes lejos y ahora cerca, los étnicocristianos forman, juntamente con los judeocristianos, el unico templo de Dios. - Cristo en la contrucción de su cuerpo. -Finalidad de los dones. -Vida cristian frente a la vida pagana. -La nueva vida en el amor. -Lo que hace el amor. -La nueva vida en pureza y en luz. -La casa cristiana. -Revestios de la armadura de Dios.
526 _aSEG44
526 _aSEG26
526 _aP151
526 _aP150
526 _aP149
526 _aP146
526 _aP145
526 _aP126
526 _aP125
526 _aP92
526 _aP75
526 _aP74
526 _aP27
526 _aP15
630 _aBiblia.
_pN.T.
_pEfesios
_xComentarios.
910 _a
942 _2ddc
_cBOOK
949 _aRC 225 N 10
_wDEWEY
_c1
_i37666
_lRC
_mBUL
_r0
_sY
_tBOOK
_u2015-6-25
_xBIBLIOTECA
_zUNKNOWN
_0COMPRA
_o.CIRCNOTE. No olvidar cambiar la fecha de devolución!!!!!!!
_o.STAFF. Colección General
994 _aC0
_bPEPRU
596 _a1
999 _aRC 225 N 10
_wDEWEY
_c41756
_i37666
_d41756
_f2021-11-8
_g5
_lCCODEBUL1
_mBUL
_q2
_r1
_sY
_tBOOK
_u2015-6-25
_xTEOLOGIA
_zUNKNOWN
_0COMPRA
_o.CIRCNOTE. No olvidar cambiar la fecha de devolución!!!!!!!
_o.STAFF. Colección General
980 _81
_gALBERTO SANCHEZ Responsable de Automatización